| 000 | 01289nam a2200337 a 4500 | ||
|---|---|---|---|
| 001 | 000109431 | ||
| 003 | CHAP | ||
| 005 | 20220329144050.0 | ||
| 008 | 140429s2013 mx sm |||||||spa d | ||
| 010 | _a105893 | ||
| 011 | _a106865 | ||
| 040 | _cCHAP | ||
| 090 | _aTesis | ||
| 100 | 1 |
_aTuxtla Andrade, María del Rocio Monserrat _9126658 |
|
| 245 | 1 | 0 |
_aEstudio etnoentomologico del gusanillo ( Phassus triangularis H. Edwar, 1985) _h[En línea] _cpor María del Rocio Monserrat Tuxtla Andrade. |
| 260 |
_aChapingo, Méx. : _bEl autor, _c2013. |
||
| 500 | _aPara ver el contenido del material haga clic en la liga | ||
| 502 | _aTesis (Ing. Agr. Esp. en Parasitología Agrícola) -- UACH. Departamento Parasitología Agrícola | ||
| 590 |
_aBATCH-UPD _b05 _c20140429 _lUCH01 _h0941 |
||
| 590 |
_aBATCH-UPD _b05 _c20141002 _lUCH01 _h0902 |
||
| 590 |
_aE11695DGD _b10 _c20141006 _lUCH01 _h1320 |
||
| 590 |
_aE5765TAJ _b05 _c20140429 _lUCH01 _h0940 |
||
| 650 | 1 | 4 |
_aÁrboles _xPlagas. _982440 |
| 650 | 1 | 4 |
_aInsectos como alimento. _958954 |
| 650 | 1 | 4 |
_aInsectos _xAnatomía y fisiología. _958891 |
| 650 | 1 | 4 |
_aPhassus triangularis _xHábitos y conducta. _96124 |
| 856 |
_aFinding aid _uhttp://10.13.5.2/tesis/sist109431.pdf _zTeclea aquí |
||
| 901 | _aBK | ||
| 942 | _cTESIS | ||
| 942 | _n0 | ||
| 999 |
_c105893 _d105893 |
||